The early history of kausambi : (Record no. 156641)

MARC details
000 -LEADER
fixed length control field 00645nam a22001937a 4500
005 - DATE AND TIME OF LATEST TRANSACTION
control field 20180904104411.0
010 ## - LCCN (DPL NO)
LC control number ENG-123905
020 ## - INTERNATIONAL STANDARD BOOK NUMBER
Terms of availability 395.00
International Standard Book Number 9789380755366
035 ## - SYSTEM CONTROL NUMBER
System control number EN-107437
037 ## - SOURCE OF ACQUISITION
Source of stock number/acquisition DBAD/PUB
082 ## - DEWEY DECIMAL CLASSIFICATION NUMBER
Classification number 954.01
100 ## - MAIN ENTRY--PERSONAL NAME
Personal name Ghosh, Nagendra Nath
245 ## - TITLE STATEMENT
Title The early history of kausambi :
Statement of responsibility, etc by Nagendra Nath Ghosh
Remainder of title from the sixth century B.C. to the eleventh century A.D. /
260 ## - PUBLICATION, DISTRIBUTION, ETC. (IMPRINT)
Date of publication, distribution, etc 2013
Place of publication, distribution, etc Kolkata
Name of publisher, distributor, etc Aruna Prakashan
270 ## - ADDRESS
Address 2, Kalidas Singha Lane,
City Kolkata
Postal code 700009
300 ## - PHYSICAL DESCRIPTION
Dimensions 17cm.(Hb.)
Extent xxxv,120p.
Other physical details ill.(pictures)
500 ## - GENERAL NOTE
General note It includes index
942 ## - ADDED ENTRY ELEMENTS (KOHA)
Item type English Books
Source of classification or shelving scheme Dewey Decimal Classification
Call number suffix GHO
Classification part 954.01
Holdings
Withdrawn status Lost status Not for loan Collection code Home library Current library Date acquired Source of acquisition Cost, normal purchase price Full call number Barcode Copy number Cost, replacement price Koha item type
    Not For Loan Non-fiction D.B.Act.Division Patel Nagar 30/08/2018 DBAD/PUB 395.00 954.01 GHO EN-107437 1 395.00 English Books

© Delhi Public Library
Hit Counter
free hit counter